000 004950000a22001690004500
041 0 _aSPA
082 0 4 _aG 272 V977i
100 1 _aWurmbrand, Richard
245 1 0 _aLa Iglesia Triunfante / Richard Wurmbrand, John Piper, Milton Martin ; Rogelio Díaz-Díaz, Traductor
260 _aSan José : La Voz de los Mártires
300 _a112 Pág.
001 14127
942 _cBK
999 _c43039
_d43039
336 _atexto
_btxt
_2rdacontent
337 _2rdamedia
_asin mediación
_bn
338 _2rdacarrier
_avolumen
_bnc